PMLA: Publications of the modern language association of america (Record no. 38612)

MARC details
000 -LEADER
fixed length control field 00522nam a2200169Ia 4500
022 ## - INTERNATIONAL STANDARD SERIAL NUMBER
ISSN 00308129
050 ## - CALL MARK
Classification number PB 6 .M6/
245 #0 - TITLE STATEMENT
Title PMLA: Publications of the modern language association of america
260 ## - PUBLICATION, DISTRIBUTION, ETC. (IMPRINT)
Place of publication Baltimore
260 ## - PUBLICATION, DISTRIBUTION, ETC. (IMPRINT)
Name of publisher Modern Language Association of America
260 ## - PUBLICATION, DISTRIBUTION, ETC. (IMPRINT)
Year of publication 2008
300 ## - PHYSICAL DESCRIPTION
Number of Pages 934-1488 p. : ill. ; 27 cm.
650 ## - SUBJECT ADDED ENTRY--TOPICAL TERM
Topical Term Modern Language Association of America Philology, Modern--Periodicals.
942 ## - ADDED ENTRY ELEMENTS (KOHA)
Koha item type Serials

No items available.